| 000 | 01268ata a2200457 4500 | ||
|---|---|---|---|
| 005 | 20251121173926.0 | ||
| 008 | 150521b2009 xxu||||| |||| 00| 0 spa d | ||
| 020 | _a9789701070895 | ||
| 041 | _aESP | ||
| 082 | _a658.562 C233f | ||
| 100 |
_aCantu Delgado, Humberto _930122 |
||
| 100 | _aGutiérrez Pulido, Humberto | ||
| 245 | _aFilosofía de la calidad | ||
| 260 | _aMéxico | ||
| 260 | _bMcGraw-Hill | ||
| 260 | _c2009 | ||
| 300 | _a365 páginas | ||
| 490 | _aDirección y Administración de Empresas | ||
| 650 | _aCONTROL DE CALIDAD | ||
| 650 | _aCALIDAD TOTAL | ||
| 650 | _aETAPAS DE EVOLUCIÓN DE LA CALIDAD | ||
| 650 | _aCALIDAD TOTAL COMO HERRAMIENTA COMPETITIVA | ||
| 650 | _aCULTURA DE CALIDAD | ||
| 650 | _aCAMBIO DE CULTURA EN LA ORGANIZACIÓN | ||
| 650 | _aCULTURA DE CALIDAD PERSONAL | ||
| 650 | _aISO 9000:2000 | ||
| 650 | _aGESTIÓN DE CALIDAD | ||
| 650 | _aPROCESOS | ||
| 650 | _aMAESTROS DE LA CALIDAD | ||
| 650 | _aLIDERAZGO | ||
| 650 | _aPLANEACIÓN | ||
| 650 | _aPLANEACIÓN ESTRATÉGICA | ||
| 650 | _aCONOCIMIENTO ORGANIZACIONAL | ||
| 650 | _aCINCO ESES | ||
| 650 | _aFODA | ||
| 650 | _aCUADRO DE MANDO INTEGRAL | ||
| 650 | _aMISIÓN | ||
| 650 | _aVISIÓN | ||
| 650 | _aVALORES | ||
| 942 |
_cBK _2ddc |
||
| 999 |
_c5841 _d5841 |
||